US City By Picture - Statistics

General Stats
  • This quiz has been taken 145 times
  • The average score is 10 of 16
Answer Stats
Picture Answer % Correct
New York City
100%
Seattle
97%
Washington DC
92%
New Orleans
83%
Dallas
82%
St. Louis
81%
Denver
64%
Memphis
60%
Pittsburgh
53%
Tampa
52%
Minneapolis
48%
Charlotte
45%
Cincinnati
45%
Honolulu
36%
Milwaukee
33%
El Paso
20%
No matching quizzes found
Score Distribution
Percent of People with Each Score
Percentile by Number Answered
Your Score History
You have not taken this quiz